| 000 | 00484nam a2200169Ia 4500 | ||
|---|---|---|---|
| 003 | GCL | ||
| 008 | 140319s9999 xx 000 0 ara d | ||
| 040 |
_aGCL / _cGCL |
||
| 082 | 0 | 4 |
_a191 _bب ح |
| 100 | 1 | _aبريائف، نيكولاس | |
| 245 | 1 | 0 |
_aالحكم و الواقع / _cبريائف، نيكولاس |
| 700 | 1 | _aفؤاد كمال (مترجم) | |
| 490 | _a | ||
| 650 | 0 | 4 | _aالفلاسفة - تراجم |
| 650 | 0 | 4 | _aبرديائف , نيقولاس |
| 942 |
_2ddc _cBK |
||
| 999 |
_c40589 _d40589 |
||